|
|
|
|
| LEADER |
00000nab a2200000 a 4500 |
| 001 |
vtls000918354 |
| 003 |
SK-MaSNL |
| 005 |
20260303034202.0 |
| 008 |
040720e19930000xo 0 slo |
| 035 |
|
|
|a KE27231
|
| 040 |
|
|
|a KEVKJB
|b slo
|c KEVKJB
|e AACR2
|
| 041 |
0 |
|
|a slo
|
| 044 |
|
|
|a xo
|c SK
|
| 080 |
|
|
|a 796.015.52
|2 1981
|
| 080 |
|
|
|a 929
|2 1981
|
| 100 |
1 |
|
|a Mazág, Jozef
|4 aut
|9 269243
|
| 245 |
1 |
0 |
|a Titul a potom svadba
|
| 590 |
|
|
|a Sási, Alexander
|
| 600 |
1 |
7 |
|a Sási, Alexander
|2 KEVKJB
|9 30865
|
| 610 |
2 |
7 |
|a Body Art Košice (Slovensko)
|2 KEVKJB
|9 1019124
|
| 650 |
0 |
7 |
|a kulturistika
|2 KEVKJB
|9 3254
|
| 650 |
0 |
7 |
|a rozhovory
|2 KEVKJB
|9 453585
|
| 651 |
|
7 |
|a KE,
|2 KEVKJB
|9 877256
|
| 655 |
|
7 |
|a periodikum
|2 snkbucl
|9 29553
|
| 710 |
2 |
|
|a Body Art Košice (Slovensko)
|4 aut
|9 1019124
|
| 773 |
0 |
8 |
|t Kulturistika & fitšport
|g Roč. 3, č.8 (1993), s. 31
|
| 852 |
|
|
|a ZVYKNI
|b KIS3GCP
|
| 999 |
|
|
|c 1672650
|d 1674580
|